000 00875cam a2200253 4500
001 ABS61628
008 000000n1999 000 0 eng u
035 _a(Sirsi) u102477
100 _aPlimmer, F.
245 _aReform of UK local government domestic property taxes
260 _c1999
490 _aProperty Management
_v17(4) 1999, 336-352(9)
520 _aDiscusses council tax in Great Britain and rates in Northern Ireland as a way of funding local government, and makes suggestions for improvements in this form of taxation to solve the problems of a lack of vertical and horizontal equity and regressivity. References.
590 _aABS
650 _aCOUNCIL TAX
650 _aRATES
650 _aPROPERTY TAXES
650 _aREFORM
650 _aEQUITY
690 _aTAXATION
700 _aMcCluskey, W.J.
700 _aConnellan, O.
942 _n0
999 _c61489
_d61489